| 000 | 00665nam a2200229Ia 4500 | ||
|---|---|---|---|
| 003 | OSt | ||
| 005 | 20230622152841.0 | ||
| 008 | 210423s2014 xx 000 0 und d | ||
| 020 | _a978-81-8487-274-3 | ||
| 040 | _cAL | ||
| 041 | _aeng | ||
| 082 |
_a530.04 _223 _bCHAC |
||
| 100 |
_aCHANDRA (Suresh);SHARMA (Mohit Kumar) _9112173 |
||
| 245 | _aComputer applications in physics: with FORTRAN basic and C Ed 3 | ||
| 250 | _a3 | ||
| 260 |
_aNew Delhi _bNarosa Publishing House _c2014 |
||
| 300 |
_axv,490 _bPB |
||
| 365 |
_b435 _cINR |
||
| 650 |
_aPhysics _9112174 |
||
| 906 | _aapplications ; basic ; C ; Computer ; Ed ; FORTRAN ; physics: | ||
| 942 |
_2ddc _cBK |
||
| 999 |
_c167188 _d167188 |
||